000
00283nam a2200121Ia 4500
008
190216s9999||||xx |||||||||||||| ||und||
100
_a
Sergeev G B&Amp; Batyuk V A
245
0
_a
Cryochemistry
260
_b
Mir Publishers
_c
1981
300
_a
298p
650
_a
Chemistry
942
_c
BK
999
_c
2481
_d
2481